| 000 | 00422cam a2200157ua 4500 | ||
|---|---|---|---|
| 041 |
_aeng _h |
||
| 082 |
_a371.3 _bSPI/HU |
||
| 100 | _aSpicor, Edward H . | ||
| 245 |
_aHuman problems in technological change: a case book / _cEdward H Spicor. _hTextual Documents |
||
| 250 |
_a1 / _b. |
||
| 260 |
_aNewyork : _bRussell sage foundation , _c1961. |
||
| 300 | _a301 ; . | ||
| 504 | _a | ||
| 942 | _cBK | ||
| 999 |
_c8619 _d8619 |
||